000 00998nam0a22002651 4500
001 rc\101202
005 20021216133104.5
035 _a(NLR Aleph) 005364312
090 _a6931749
_c6931749
100 _a20021216d1991 u |0rusy50 ca
101 0 _arus
102 _aRU
105 _aa |||||||||
200 1 _aФункционально-логические узлы ЭВМ
_eУчеб. пособие
_fВ.А. Курчидис, С.Н. Магдалинский, Д.И. Асеев
_gЯросл. гос. ун-т
210 _aЯрославль
_cЯрГУ
_d1991
215 _a80 с.
_cил.
_d20
320 _aБиблиогр.: с. 80 (6 назв.)
700 1 _aКурчидис
_bВ. А.
_gВиктор Александрович
701 1 _aМагдалинский
_bС. Н.
_gСергей Николаевич
701 1 _aАсеев
_bД. И.
_gДмитрий Иванович
801 0 _aRU
_bNLR
_gpsbo
801 1 _aRU
_bELAR
_2rusmarc
852 _aNLR
_j91-4/8940
942 _cBOOK
980 _aNB